El nacimiento y la muerte entre los Bribis /

Guardado en:
Bibliografiske detaljer
Hovedforfatter: Bozzoli de Wille, María Eugenia
Format: Ukendt
Sprog:Spanish
Udgivet: San José, Costa Rica : Editorial de la Universidad de Costa Rica, 1979.
Fag:
Tags: Tilføj Tag
Ingen Tags, Vær først til at tagge denne postø!

MARC

LEADER 000000000a22000000004500
001 003270
020 |a 9977670374 
041 0 |a spa 
082 0 4 |a 972.860.1   |b B793n 
100 1 |a Bozzoli de Wille, María Eugenia 
245 1 3 |a El nacimiento y la muerte entre los Bribis /   |c María Eugenia Bozzoli de Wille. 
260 1 |a San José, Costa Rica :   |b Editorial de la Universidad de Costa Rica,   |c 1979. 
300 |a 272 páginas 
650 4 |a INDIOS BRIBRIS 
650 4 |a INDIGENISMO 
999 |c 9533  |d 9533 
942 |c BK  |h 972.860.1 B793n  |2 z